header

Integrated pharmaceutics (Record no. 74641)

MARC details
000 -LEADER
fixed length control field 01529nam a2200373 a 4500
082 04 - DEWEY DECIMAL CLASSIFICATION NUMBER
Classification number 615.7
100 1# - MAIN ENTRY--AUTHOR NAME
Personal name Al-Achi, Antoine,
245 10 - TITLE STATEMENT
Title Integrated pharmaceutics
260 ## - PUBLICATION, DISTRIBUTION, ETC. (IMPRINT)
Place of publication Hoboken, N.J. :
Name of publisher John Wiley & Sons,
Year of publication c2013.
300 ## - PHYSICAL DESCRIPTION
Number of Pages xix, 991 p. :
Other physical details ill. (some col.)
505 0# - FORMATTED CONTENTS NOTE
Formatted contents note pt. I. Preformulation -- pt. II. Product design -- pt. III. Regulatory science.
650 #0 - SUBJECT ADDED ENTRY--TOPICAL TERM
Topical Term Pharmaceutical chemistry.
Topical Term Biopharmaceutics.
Topical Term Drugs
Topical Term Drugs
700 1# - ADDED ENTRY--PERSONAL NAME
Personal name Gupta, Mali Ram.
Personal name Stagner, William Craig.
856 40 - ELECTRONIC LOCATION AND ACCESS
Uniform Resource Identifier http://site.ebrary.com/lib/rucke/Doc?id=10650025

No items available.

© 2026 Rongo University
Contact us: librarian | system librarian | Rongo university